| 000 | 00000cas 2200000zi 4500 |
| 001 | 9.901632 |
| 003 | CaOODSP |
| 005 | 20260501094214 |
| 006 | m |o d f |
| 007 | cr ||||||||||| |
| 008 | 210713c20129999nkcar p o f0 b0fre|d |
| 022 | |y2293-6785 |
| 040 | |aCaOODSP|bfre|erda|cCaOODSP |
| 043 | |an-cn--- |
| 086 | 1 |aA47-8F-PDF |
| 245 | 00|aBanque de gènes de pommes de terre. |
| 246 | 3 |iLes livrs. de 2017- comportent le titre : |aBanque de gènes de pomme de terre. |
| 264 | 1|a[Fredericton, N.-B. : |bCentre de recherches sur la pomme de terre, Agriculture et agroalimentaire Canada, |c[2013]- |
| 310 | |aAnnuel |
| 336 | |atexte|btxt|2rdacontent/fre |
| 337 | |ainformatique|bc|2rdamedia/fre |
| 338 | |aressource en ligne|bcr|2rdacarrier/fre |
| 362 | 1 |aParaît depuis numéro 19 (2012). |
| 500 | |aPublié aussi en anglais sous le titre : Potato gene resources. |
| 520 | 3 |aIl contient de l’information sur le matériel génétique conservé dans la collection et sur les questions liées à la diversité du matériel génétique. |
| 588 | |aDescription d'après: Numéro 19 (2012); titre de départ. |
| 588 | |aDernière livraison consultée: Numéro 27 (2021). |
| 650 | 6|aPomme de terre|zCanada|xRessources génétiques|vPériodiques. |
| 655 | 7|aPériodiques|2rvmgf |
| 710 | 1 |aCanada. |bAgriculture et agroalimentaire Canada, |eorganisme de publication. |
| 710 | 2 |aCentre de recherches sur la pomme de terre (Canada), |eorganisme de publication. |
| 775 | 08|tPotato gene resources. |w(CaOODSP)9.504603 |
| 780 | 00|tPommes de terre, banque de gènes. |w(CaOODSP)9.501017 |